<?xml version="1.0" encoding="UTF-8"?>
<collection xmlns="http://www.loc.gov/MARC21/slim">
 <record>
  <leader>01767nam a2200301 a 4500</leader>
  <controlfield tag="001">14702564</controlfield>
  <controlfield tag="008">090701s1996    njuae    b    001 0 eng d</controlfield>
  <datafield tag="010" ind1=" " ind2=" ">
   <subfield code="a">  2007002358</subfield>
  </datafield>
  <datafield tag="020" ind1=" " ind2=" ">
   <subfield code="a">0442017928</subfield>
  </datafield>
  <datafield tag="040" ind1=" " ind2=" ">
   <subfield code="a">DLC</subfield>
   <subfield code="c">DLC</subfield>
   <subfield code="d">BAKER</subfield>
   <subfield code="d">BTCTA</subfield>
   <subfield code="d">UKM</subfield>
   <subfield code="d">C#P</subfield>
   <subfield code="d">YDXCP</subfield>
   <subfield code="d">DLC</subfield>
  </datafield>
  <datafield tag="082" ind1="0" ind2="0">
   <subfield code="a">720/.1</subfield>
   <subfield code="2">20</subfield>
  </datafield>
  <datafield tag="100" ind1="1" ind2=" ">
   <subfield code="a">Ching, Frank,</subfield>
   <subfield code="d">1943-</subfield>
  </datafield>
  <datafield tag="245" ind1="1" ind2="0">
   <subfield code="a">Architecture--form, space, &amp; order /</subfield>
   <subfield code="c">Francis D.K. Ching.</subfield>
  </datafield>
  <datafield tag="250" ind1=" " ind2=" ">
   <subfield code="a">2nd ed.</subfield>
  </datafield>
  <datafield tag="260" ind1=" " ind2=" ">
   <subfield code="a">Hoboken, N.J. :</subfield>
   <subfield code="b">John Wiley &amp; Sons;</subfield>
   <subfield code="b">Van Nostrand Reinhold,</subfield>
   <subfield code="c">c1996.</subfield>
  </datafield>
  <datafield tag="300" ind1=" " ind2=" ">
   <subfield code="a">xiv, 400 p. :</subfield>
   <subfield code="b">ill., plans ;</subfield>
   <subfield code="c">28 cm. +</subfield>
   <subfield code="e">1 CD-ROM (4 3/4 in.)</subfield>
  </datafield>
  <datafield tag="504" ind1=" " ind2=" ">
   <subfield code="a">Includes bibliographical references and indexes.</subfield>
  </datafield>
  <datafield tag="541" ind1="1" ind2=" ">
   <subfield code="e">00011972</subfield>
  </datafield>
  <datafield tag="650" ind1=" " ind2="0">
   <subfield code="a">Architecture</subfield>
   <subfield code="x">Composition, proportion, etc.</subfield>
  </datafield>
  <datafield tag="650" ind1=" " ind2="0">
   <subfield code="a">Space (Architecture)</subfield>
  </datafield>
  <datafield tag="852" ind1="4" ind2=" ">
   <subfield code="a">Ayesha Abed Library</subfield>
   <subfield code="j">General Shelf.</subfield>
  </datafield>
  <datafield tag="942" ind1="0" ind2="0">
   <subfield code="0">1</subfield>
  </datafield>
  <datafield tag="999" ind1=" " ind2=" ">
   <subfield code="c">2091</subfield>
   <subfield code="d">2091</subfield>
  </datafield>
  <datafield tag="952" ind1=" " ind2=" ">
   <subfield code="0">0</subfield>
   <subfield code="1">4</subfield>
   <subfield code="2">ddc</subfield>
   <subfield code="4">1</subfield>
   <subfield code="6">720_100000000000000_CHI</subfield>
   <subfield code="7">0</subfield>
   <subfield code="9">8716</subfield>
   <subfield code="a">BRACUL</subfield>
   <subfield code="b">BRACUL</subfield>
   <subfield code="c">SPS</subfield>
   <subfield code="d">2010-03-21</subfield>
   <subfield code="l">2</subfield>
   <subfield code="m">37</subfield>
   <subfield code="o">720.1 CHI</subfield>
   <subfield code="p">3010011972</subfield>
   <subfield code="r">2018-05-09</subfield>
   <subfield code="s">2018-03-15</subfield>
   <subfield code="t">1</subfield>
   <subfield code="w">2010-03-21</subfield>
   <subfield code="y">BK</subfield>
   <subfield code="x">Koha Inventory 2020</subfield>
  </datafield>
  <datafield tag="952" ind1=" " ind2=" ">
   <subfield code="0">0</subfield>
   <subfield code="1">4</subfield>
   <subfield code="2">ddc</subfield>
   <subfield code="4">1</subfield>
   <subfield code="6">720_100000000000000_CHI</subfield>
   <subfield code="7">0</subfield>
   <subfield code="9">8717</subfield>
   <subfield code="a">BRACUL</subfield>
   <subfield code="b">BRACUL</subfield>
   <subfield code="c">SPS</subfield>
   <subfield code="d">2010-03-21</subfield>
   <subfield code="l">3</subfield>
   <subfield code="m">7</subfield>
   <subfield code="o">720.1 CHI</subfield>
   <subfield code="p">3010012231</subfield>
   <subfield code="r">2016-12-08</subfield>
   <subfield code="s">2016-11-30</subfield>
   <subfield code="t">2</subfield>
   <subfield code="w">2010-03-21</subfield>
   <subfield code="y">BK</subfield>
   <subfield code="x">Koha Inventory 2020</subfield>
  </datafield>
  <datafield tag="952" ind1=" " ind2=" ">
   <subfield code="0">0</subfield>
   <subfield code="1">4</subfield>
   <subfield code="2">ddc</subfield>
   <subfield code="4">1</subfield>
   <subfield code="6">720_100000000000000_CHI</subfield>
   <subfield code="7">0</subfield>
   <subfield code="9">14003</subfield>
   <subfield code="a">BRACUL</subfield>
   <subfield code="b">BRACUL</subfield>
   <subfield code="c">SPS</subfield>
   <subfield code="d">2011-01-18</subfield>
   <subfield code="l">3</subfield>
   <subfield code="m">57</subfield>
   <subfield code="o">720.1 CHI</subfield>
   <subfield code="p">3010011973</subfield>
   <subfield code="r">2017-04-13</subfield>
   <subfield code="s">2016-10-04</subfield>
   <subfield code="t">3</subfield>
   <subfield code="w">2011-01-18</subfield>
   <subfield code="y">BK</subfield>
   <subfield code="x">Koha Inventory 2020</subfield>
  </datafield>
  <datafield tag="952" ind1=" " ind2=" ">
   <subfield code="0">0</subfield>
   <subfield code="1">4</subfield>
   <subfield code="2">ddc</subfield>
   <subfield code="4">1</subfield>
   <subfield code="6">720_100000000000000_CHI</subfield>
   <subfield code="7">0</subfield>
   <subfield code="9">14004</subfield>
   <subfield code="a">BRACUL</subfield>
   <subfield code="b">BRACUL</subfield>
   <subfield code="c">SPS</subfield>
   <subfield code="d">2011-01-18</subfield>
   <subfield code="l">3</subfield>
   <subfield code="m">22</subfield>
   <subfield code="o">720.1 CHI</subfield>
   <subfield code="p">3010011900</subfield>
   <subfield code="r">2016-12-18</subfield>
   <subfield code="s">2016-09-28</subfield>
   <subfield code="t">4</subfield>
   <subfield code="w">2011-01-18</subfield>
   <subfield code="y">BK</subfield>
   <subfield code="x">Koha Inventory 2020</subfield>
  </datafield>
  <datafield tag="952" ind1=" " ind2=" ">
   <subfield code="0">0</subfield>
   <subfield code="1">2</subfield>
   <subfield code="2">ddc</subfield>
   <subfield code="4">0</subfield>
   <subfield code="6">720_100000000000000_CHI</subfield>
   <subfield code="7">0</subfield>
   <subfield code="9">14009</subfield>
   <subfield code="a">BRACUL</subfield>
   <subfield code="b">BRACUL</subfield>
   <subfield code="c">GEN</subfield>
   <subfield code="d">2011-01-18</subfield>
   <subfield code="l">6</subfield>
   <subfield code="m">36</subfield>
   <subfield code="o">720.1 CHI</subfield>
   <subfield code="p">3010011713</subfield>
   <subfield code="q">2018-12-10</subfield>
   <subfield code="r">2016-10-20</subfield>
   <subfield code="s">2016-10-20</subfield>
   <subfield code="t">5</subfield>
   <subfield code="w">2011-01-18</subfield>
   <subfield code="y">BK</subfield>
  </datafield>
 </record>
</collection>
